00529nam a2200145 i 450000100060000000300090000600500170001500700030003200800410003510000470007624501130012326000700023630000210030685200560032734631ES-MaACL20230906154952.0t|030207s1902 sp ||||1| spa d1 aBonilla y San Martín, Adolfo,d1875-192613aEl arte simbólico b: ensayo de una teoría de las formas artísticas / cAdolfo Bonilla y San Martín. aMadrid : b[s.n.], c1902 (fTip. de la Viuda é hijos de Tello) a54 p. ; c23 cm. aES-MaACLjT-1000-F-4 q. - Ded. autógr. del autor